| 000 | 00458nam a2200193Ia 4500 | ||
|---|---|---|---|
| 005 | 20250425162049.0 | ||
| 008 | 250425s9999 xx 000 0 und d | ||
| 041 | _aeng | ||
| 082 | _a660.28427 | ||
| 245 | 0 | _aFUNDAMENTALS OF MOMENTUM HEAT AND M,ASS TRANSFER | |
| 250 | _a2ND ED. | ||
| 260 |
_aEstados Unidos _bWILEY _c1965 |
||
| 260 | _aS.L. | ||
| 300 | _a789 | ||
| 650 | _aCALOR | ||
| 650 | _aCALOR-TRANSFERENCIA | ||
| 942 | _c01 | ||
| 010 | _a45447 | ||
| 999 |
_c221608 _d221608 |
||